000 00352nam a2200145Ia 4500
008 230711s9999||||xx |||||||||||||| ||und||
041 _aENG
082 _a621
_bCH-M
100 _aChopra,A.S
245 0 _aMedical attendance rules
250 _a1st Ed.
260 _c1998
_aNew Delhi
_bPHI Learning Private Limited
650 _aLiterature
942 _cBK
999 _c3683
_d3683